| 000 | 01153nam a2200301 a 4500 | ||
|---|---|---|---|
| 001 | 000035345 | ||
| 005 | 20240731114020.0 | ||
| 008 | 090629s1966 mx 001 0 spa d | ||
| 040 |
_aDO-SdBNP _bspa _cBNPHU |
||
| 082 |
_a335.4 _bM392c, 1966 |
||
| 100 | 1 |
_aMarx, Carlos, _d1818-1883 _95975 |
|
| 240 | 1 | 4 |
_aDas kapital: Kritik der politischen Okonomie _lespañol |
| 245 | 1 | 3 |
_aEl capital : _bcrítica de la economía política / _cCarlos Marx ; versión del alemán por Wenceslao Roces. |
| 250 | _a4a ed. | ||
| 260 |
_aMéxico, D. F : _bFondo de Cultura Económica, _c1966. |
||
| 300 |
_a3 v. ; _c21 cm. |
||
| 490 | 1 | _aSección de obras de economía, El capital. | |
| 500 | _aTraducido del alemán. | ||
| 504 | _aIncluye referencias bibliográficas y notas al pie de las páginas. | ||
| 590 | _aPerteneció a la biblioteca personal de Juan Isidro Jimenes Grullón. | ||
| 650 | 0 |
_aCapital _93797 |
|
| 650 | 0 |
_aEconomía política _95976 |
|
| 650 | 0 |
_aCapitalismo _9280 |
|
| 700 | 1 |
_aRoces, Wenceslao _etr. _931367 |
|
| 830 | 0 |
_aSección de obras de economía, El capital _961131 |
|
| 910 | _aValidado. Control de calidad BNPHU | ||
| 049 | _aBNPD | ||
| 999 |
_c34836 _d34836 |
||